000 00578nam a22001577a 4500
003 OSt
005 20151002172539.0
008 151002b xxu||||| |||| 00| 0 eng d
040 _cRUA
082 _aAVM កាន់ 1995 B069 Or.1
100 _91821
_aកាន់ សាឡន
245 _aការសិក្សាជួសជុលផ្នែកគំរបគុយឡាស់ និងវិធីសីស៊ូប៉ាប់ដោយប្រើឧបករណ៍ងាយ)
260 _aphnom penh
_bRUA
_c1995
300 _a71p.
_bill.
_c29cm.
942 _2ddc
_cAVM
999 _c1719
_d1719